Bundesraumordnung und regionale Infrastrukturausstattung im Gesundheitswesen.
Rozvoj oblastnej infraštruktúry ambulantného a stacionárneho sektoru zdravotníctva z hľadiska zákonov o priestorovom usporiadaní. Špecifické aspekty zdravotníckych zariadení z hľadiska posudzovania zákona o priestorovom usporiadaní. Oblastné disparity a nerovnováha vzťahov v jednotlivých oblastiach.
Salvato in:
| Autore principale: | |
|---|---|
| Natura: | Capitolo di libro |
| Lingua: | tedesco |
| Soggetti: | |
| Tags: |
Nessun Tag, puoi essere il primo ad aggiungerne!!
|
MARC
| LEADER | 00000naa a2200000 4500 | ||
|---|---|---|---|
| 001 | r002804 | ||
| 005 | 20220819193728.8 | ||
| 041 | 0 | |a ger | |
| 044 | |a DE | ||
| 245 | 1 | 0 | |a Bundesraumordnung und regionale Infrastrukturausstattung im Gesundheitswesen. |c I. Heiland |
| 520 | |a Rozvoj oblastnej infraštruktúry ambulantného a stacionárneho sektoru zdravotníctva z hľadiska zákonov o priestorovom usporiadaní. Špecifické aspekty zdravotníckych zariadení z hľadiska posudzovania zákona o priestorovom usporiadaní. Oblastné disparity a nerovnováha vzťahov v jednotlivých oblastiach. | ||
| 610 | 2 | 0 | |a infraštruktúra |
| 610 | 2 | 0 | |a zdravotníctvo |
| 610 | 2 | 0 | |a ekonomika priestorová |
| 610 | 2 | 0 | |a zákony |
| 610 | 2 | 0 | |a rozmiestenie územné |
| 610 | 2 | 0 | |a regióny |
| 610 | 2 | 0 | |a financie verejné |
| 610 | 2 | 0 | |a nemocenské |
| 100 | 1 | |a Heiland, I. | |